| 000 | 01263nam0a22002411 4500 | ||
|---|---|---|---|
| 001 | rc\1125533 | ||
| 005 | 20250622185430.0 | ||
| 035 | _a(NLR Aleph) 006367879 | ||
| 090 |
_a4967550 _c4967550 |
||
| 100 | _a20041126d1981 |||y0rusy50 ca | ||
| 101 | 0 | _arus | |
| 102 | _aRU | ||
| 105 | _ay ||||||||| | ||
| 200 | 1 |
_aПроблемы комплексного развития производительных сил Тувинской АССР _e(Материалы регион. науч.-практ. совещ., состоявшегося 3-5 апр. 1980 г.) _f[Редкол.: Г.Ч. Ширшин (отв. ред.) и др.] |
|
| 210 |
_aКызыл _cБ. и. _d1981 |
||
| 215 |
_a282 с. _d21 |
||
| 300 | _aВ надзаг.: ЦЭНИИ при Госплане РСФСР, Ин-т экономики и орг. пром. пр-ва СО АН СССР, Ин-т геологии и геофизики СО АН СССР, Сиб. отд-ние АМН СССР, Сиб. НИИ экономики сел. хоз-ва СО ВАСХНИЛ, Тув. обком КПСС, Совет Министров Тув. АССР | ||
| 333 | _aДСП. Экз. № 4 | ||
| 801 | 0 |
_aRU _bNLR _gpsbo |
|
| 801 | 1 |
_aRU _bELAR _2rusmarc |
|
| 852 |
_aNLR _j81-50К/3574 |
||
| 942 | _cBOOK | ||
| 980 | _aNB | ||